[Event "Korcsoportos Bajnokság u14f"]
[Site "Balatonlelle"]
[Date "2015.06.22"]
[Round "7.11"]
[White "Birovecz, Ben Jordan"]
[Black "Varga, Marcell"]
[Result "0-1"]
[WhiteElo "1470"]
[BlackElo "1478"]
[PlyCount "59"]
[EventDate "2015.06.18"]
[EventType "swiss"]
[EventRounds "9"]
[EventCountry "HUN"]

1. e4 e5 2. Nf3 Nc6 3. Bc4 Bc5 4. b4 Bxb4 5. c3 Ba5 6. d4 exd4 7. Qb3 Qe7 8.
O-O Nf6 9. e5 Ne4 10. Ba3 d6 11. Re1 Nc5 12. Bxf7+ Kf8 13. Bxc5 dxc5 14. e6 Nd8
15. Qb5 Bb6 16. cxd4 cxd4 17. Nbd2 c6 18. Qf5 Nxf7 19. Ng5 Qf6 20. Qxf6 gxf6
21. Nxf7 Rg8 22. Nh6 Rg5 23. e7+ Ke8 24. Nf7 Rd5 25. Nf3 Bg4 26. Nh4 Kxf7 27.
h3 Bd7 28. Re2 Re8 29. Rae1 Ba5 30. Rd1 0-1

[Event "Korcsoportos Bajnokság u14f"]
[Site "Balatonlelle"]
[Date "2015.06.22"]
[Round "7.12"]
[White "Nemeth, Balint"]
[Black "Bencze, Balazs Dominik"]
[Result "1-0"]
[WhiteElo "1617"]
[BlackElo "1569"]
[PlyCount "39"]
[EventDate "2015.06.18"]
[EventType "swiss"]
[EventRounds "9"]
[EventCountry "HUN"]

1. e4 d6 2. d4 Nf6 3. Nc3 Nbd7 4. Bc4 e5 5. Nf3 Be7 6. O-O O-O 7. h3 c6 8. Be3
Qc7 9. Qe2 b5 10. Bd3 Bb7 11. Qd2 Rfd8 12. Ne2 Bf8 13. Ng3 g6 14. Bh6 Bg7 15.
Bxg7 Kxg7 16. Qg5 Kh8 17. c4 b4 18. c5 exd4 19. cxd6 Qxd6 20. e5 1-0

[Event "Korcsoportos Bajnokság u14f"]
[Site "Balatonlelle"]
[Date "2015.06.22"]
[Round "7.13"]
[White "Urban, Andras Daniel"]
[Black "Kovacs, Mate"]
[Result "0-1"]
[WhiteElo "1119"]
[BlackElo "1353"]
[PlyCount "62"]
[EventDate "2015.06.18"]
[EventType "swiss"]
[EventRounds "9"]
[EventCountry "HUN"]

1. e4 e5 2. Nf3 Nc6 3. Nc3 Bc5 4. Nxe5 Nxe5 5. d4 Bd6 6. dxe5 Bxe5 7. Be2 d6 8.
O-O Ne7 9. Bg5 f6 10. Bh4 Ng6 11. Bh5 Be6 12. Bxg6+ hxg6 13. Bg3 Bxg3 14. fxg3
Qd7 15. Rf2 O-O-O 16. Qd4 Kb8 17. a3 Rh5 18. Ne2 Rdh8 19. h4 g5 20. Rff1 gxh4
21. gxh4 Rxh4 22. Kf2 Qc6 23. c3 Rxe4 24. Qd2 Rh2 25. Nf4 Rxf4+ 26. Qxf4 Qxg2+
27. Ke3 Qe2+ 28. Kd4 Qc4+ 29. Ke3 Re2+ 30. Kf3 Qd3+ 31. Qe3 Qxe3# 0-1

[Event "Korcsoportos Bajnokság u14f"]
[Site "Balatonlelle"]
[Date "2015.06.22"]
[Round "7.14"]
[White "Pasztor, Bence"]
[Black "Balogh, Akos"]
[Result "1-0"]
[WhiteElo "1598"]
[BlackElo "1568"]
[PlyCount "87"]
[EventDate "2015.06.18"]
[EventType "swiss"]
[EventRounds "9"]
[EventCountry "HUN"]

1. e4 c5 2. Nf3 e6 3. c4 Nf6 4. Nc3 d6 5. d4 cxd4 6. Nxd4 a6 7. Be3 Be7 8. Be2
Qc7 9. O-O Nc6 10. Rc1 b6 11. Qb3 Na5 12. Qd1 Bb7 13. Qd3 O-O 14. f4 Nc6 15. f5
Nxd4 16. Qxd4 Qc5 17. Qd3 Qc7 18. Rf3 exf5 19. Rxf5 Rac8 20. Rcf1 Nd7 21. Bd4
Bf6 22. Rxf6 Nxf6 23. Rxf6 Qe7 24. Qg3 g6 25. Qh4 Rfe8 26. Qh6 Qf8 27. Qxf8+
Rxf8 28. Rxd6 Rc6 29. Rxc6 Bxc6 30. Nd5 Bxd5 31. exd5 Rb8 32. a4 Kf8 33. b4 Ke7
34. c5 b5 35. a5 Rd8 36. Bf3 Rc8 37. g4 h6 38. h4 f6 39. Bc3 Rb8 40. Bd2 h5 41.
g5 fxg5 42. Bxg5+ Kd7 43. c6+ Kc8 44. d6 1-0

[Event "Korcsoportos Bajnokság u14f"]
[Site "Balatonlelle"]
[Date "2015.06.22"]
[Round "7.15"]
[White "Pogany, Zsombor"]
[Black "Zlotov, Viktor"]
[Result "1/2-1/2"]
[WhiteElo "1658"]
[BlackElo "1333"]
[PlyCount "52"]
[EventDate "2015.06.18"]
[EventType "swiss"]
[EventRounds "9"]
[EventCountry "HUN"]

1. e4 e5 2. Nf3 Nc6 3. Nc3 d6 4. Bc4 g6 5. d3 Be6 6. Bxe6 fxe6 7. O-O Bg7 8.
Re1 Nf6 9. Bg5 O-O 10. Qd2 Nd4 11. Nxd4 exd4 12. Ne2 e5 13. c3 dxc3 14. Nxc3
Qd7 15. Bh6 c6 16. Bxg7 Qxg7 17. Rad1 Rf7 18. d4 Raf8 19. f3 Nh5 20. Ne2 Nf4
21. Nxf4 Rxf4 22. d5 c5 23. Qa5 b6 24. Qb5 g5 25. Rf1 g4 26. fxg4 Qxg4 1/2-1/2

[Event "Korcsoportos Bajnokság u14f"]
[Site "Balatonlelle"]
[Date "2015.06.22"]
[Round "7.16"]
[White "Horvath, Csongor Endre"]
[Black "Ruska, Zoltan Jr"]
[Result "1-0"]
[WhiteElo "1523"]
[BlackElo "1364"]
[PlyCount "47"]
[EventDate "2015.06.18"]
[EventType "swiss"]
[EventRounds "9"]
[EventCountry "HUN"]

1. e4 e5 2. Nf3 Nc6 3. d4 exd4 4. Bc4 Be7 5. Nxd4 d6 6. Nxc6 bxc6 7. Qh5 g6 8.
Qd1 Nf6 9. Nc3 c5 10. Bh6 Ng4 11. Bb5+ Bd7 12. Qxg4 c6 13. Bxc6 Bxc6 14. Bd2
Bd7 15. Qe2 Bg5 16. Nd5 Bxd2+ 17. Qxd2 Bc6 18. O-O O-O 19. c4 Bxd5 20. Qxd5 Qe7
21. Rfe1 Rfe8 22. Re2 Qe5 23. Rae1 Re7 24. Qxa8+ 1-0

[Event "Korcsoportos Bajnokság u14f"]
[Site "Balatonlelle"]
[Date "2015.06.23"]
[Round "8.1"]
[White "Bohus, Adam"]
[Black "Tubak, Daniel"]
[Result "1-0"]
[WhiteElo "2128"]
[BlackElo "2032"]
[PlyCount "119"]
[EventDate "2015.06.18"]
[EventType "swiss"]
[EventRounds "9"]
[EventCountry "HUN"]
[WhiteClock "0:02:29"]
[BlackClock "0:26:08"]

1. d4 Nf6 2. c4 g6 3. f3 Bg7 4. e4 d6 5. Nc3 O-O 6. Be3 a6 7. Qd2 Nbd7 8. Nge2
c5 9. dxc5 dxc5 10. Nf4 e6 11. Be2 Qc7 12. Rd1 b6 13. O-O Bb7 14. Qd6 Qxd6 15.
Rxd6 Rfd8 16. Rfd1 Bf8 17. R6d2 Be7 18. Nd3 Ne8 19. Nf2 Ne5 20. f4 Nc6 21. e5
Rxd2 22. Rxd2 Rd8 23. Rxd8 Bxd8 24. Bf3 Na5 25. Bxb7 Nxb7 26. Nfe4 Na5 27. b3
Nc6 28. Kf2 Kf8 29. Ke2 Ke7 30. a3 Kd7 31. Na4 a5 32. Nac3 Na7 33. Kd3 Kc6 34.
g4 Kd7 35. Bf2 Kc6 36. Bg3 Kd7 37. Bf2 Kc6 38. h3 Kd7 39. Bg3 Kc6 40. Bf2 Kd7
41. Be1 Kc7 42. Nd1 Nc6 43. Bc3 Kd7 44. Ne3 Bc7 45. Ng5 Bd8 46. Nxh7 Ng7 47.
Nf6+ Ke7 48. Ke4 Kf8 49. Nf1 Bxf6 50. exf6 Ne8 51. Be5 Kg8 52. Ne3 Kf8 53. Nd1
Kg8 54. Nc3 Na7 55. Nb5 Nc8 56. h4 Kh7 57. Kd3 Kg8 58. Kc3 Kf8 59. b4 Kg8 60.
Kb3 1-0

[Event "Korcsoportos Bajnokság u14f"]
[Site "Balatonlelle"]
[Date "2015.06.23"]
[Round "8.2"]
[White "Acs, Marton"]
[Black "Kokeny, Norbert Adrian"]
[Result "1/2-1/2"]
[WhiteElo "1968"]
[BlackElo "2061"]
[PlyCount "71"]
[EventDate "2015.06.18"]
[EventType "swiss"]
[EventRounds "9"]
[EventCountry "HUN"]
[WhiteClock "0:14:13"]
[BlackClock "0:17:29"]

1. d4 d5 2. Nf3 Nf6 3. g3 e6 4. Bg2 Nbd7 5. O-O Be7 6. Nbd2 c6 7. c4 b6 8. Qc2
Bb7 9. e4 dxe4 10. Nxe4 Nxe4 11. Qxe4 Rb8 12. Bf4 Nf6 13. Qc2 Rc8 14. Rfd1 O-O
15. Ne5 Nd7 16. Rab1 Nxe5 17. Bxe5 Bf6 18. Qe2 Qe7 19. b4 Bxe5 20. Qxe5 Rfe8
21. c5 Rcd8 22. cxb6 axb6 23. a4 f6 24. Qe1 Qc7 25. Qc3 Qd6 26. a5 e5 27. Qb3+
Kh8 28. dxe5 Qxe5 29. Rxd8 Rxd8 30. Qe3 Qxe3 31. fxe3 b5 32. Rc1 Rd6 33. Kf1
Kg8 34. Ke2 Kf7 35. Rc5 Ke7 36. Be4 1/2-1/2

[Event "Korcsoportos Bajnokság u14f"]
[Site "Balatonlelle"]
[Date "2015.06.23"]
[Round "8.3"]
[White "Vanczak, Tamas"]
[Black "Vodila, Martin Botond"]
[Result "1-0"]
[WhiteElo "2017"]
[BlackElo "1941"]
[PlyCount "39"]
[EventDate "2015.06.18"]
[EventType "swiss"]
[EventRounds "9"]
[EventCountry "HUN"]
[WhiteClock "0:20:44"]
[BlackClock "0:46:31"]

1. e4 d6 2. d4 Nf6 3. Nc3 g6 4. f4 Bg7 5. Nf3 O-O 6. e5 dxe5 7. fxe5 Nd5 8. Bd3
Bg4 9. h3 Bxf3 10. Qxf3 c6 11. Be4 e6 12. h4 Qb6 13. Ne2 f6 14. h5 f5 15. hxg6
hxg6 16. Bxd5 Qa5+ 17. c3 Qxd5 18. Qg3 Kf7 19. Nf4 Qe4+ 20. Kd1 1-0

[Event "Korcsoportos Bajnokság u14f"]
[Site "Balatonlelle"]
[Date "2015.06.23"]
[Round "8.4"]
[White "Kovacs, Gabor Etele"]
[Black "Horvath, Balazs"]
[Result "1-0"]
[WhiteElo "1851"]
[BlackElo "2115"]
[PlyCount "49"]
[EventDate "2015.06.18"]
[EventType "swiss"]
[EventRounds "9"]
[EventCountry "HUN"]
[WhiteClock "0:38:25"]
[BlackClock "0:22:35"]

1. e4 e5 2. Nf3 Nc6 3. Bb5 a6 4. Bxc6 dxc6 5. O-O Bg4 6. h3 h5 7. d3 Qf6 8.
Nbd2 Ne7 9. Re1 Ng6 10. d4 Nf4 11. hxg4 hxg4 12. g3 Qg6 13. Nh2 Nh3+ 14. Kg2
Nxf2 15. Qe2 Qh5 16. Ndf1 Nh3 17. Qxg4 exd4 18. Qxh5 Rxh5 19. Nf3 O-O-O 20. g4
Rh7 21. Ng3 Bc5 22. Rh1 Rdh8 23. Nh5 g6 24. Nf6 Rg7 25. Rxh3 1-0

[Event "Korcsoportos Bajnokság u14f"]
[Site "Balatonlelle"]
[Date "2015.06.23"]
[Round "8.5"]
[White "Szabo, Marton Mihaly"]
[Black "Gyimesi, Peter"]
[Result "0-1"]
[WhiteElo "1864"]
[BlackElo "1819"]
[PlyCount "50"]
[EventDate "2015.06.18"]
[EventType "swiss"]
[EventRounds "9"]
[EventCountry "HUN"]
[WhiteClock "0:17:41"]
[BlackClock "0:28:52"]

1. e4 c5 2. c4 Nc6 3. Nc3 g6 4. g3 Bg7 5. Bg2 e6 6. Nge2 Nge7 7. d3 O-O 8. O-O
b6 9. f4 Bb7 10. Be3 d6 11. h3 Qd7 12. a3 Rac8 13. g4 f5 14. g5 fxe4 15. dxe4
e5 16. Rb1 Nd4 17. Nd5 Nec6 18. Ng3 Rf7 19. Ne2 Rcf8 20. Qd2 Nxe2+ 21. Qxe2 Nd4
22. Qd2 Bxd5 23. cxd5 exf4 24. Bxf4 Rxf4 25. Rxf4 Rxf4 0-1

[Event "Korcsoportos Bajnokság u14f"]
[Site "Balatonlelle"]
[Date "2015.06.23"]
[Round "8.6"]
[White "Papp, Levente"]
[Black "Miszler, Levente"]
[Result "1/2-1/2"]
[WhiteElo "2111"]
[BlackElo "1845"]
[PlyCount "81"]
[EventDate "2015.06.18"]
[EventType "swiss"]
[EventRounds "9"]
[EventCountry "HUN"]
[WhiteClock "0:52:51"]
[BlackClock "0:33:21"]

1. d4 Nf6 2. Bg5 g6 3. Bxf6 exf6 4. e3 Bg7 5. Ne2 d6 6. Ng3 O-O 7. Bd3 Be6 8.
O-O Qe7 9. c4 c6 10. e4 d5 11. cxd5 cxd5 12. exd5 Bxd5 13. Nc3 Rd8 14. Re1 Qd7
15. Nxd5 Qxd5 16. Be4 Qd7 17. Rc1 Nc6 18. d5 Ne7 19. Qb3 f5 20. Bf3 Nc8 21. Rc2
Nd6 22. Qa3 Nb5 23. Qd3 Nd4 24. Rd2 Nxf3+ 25. Qxf3 Qd6 26. Qb3 Rd7 27. Ne2 Bh6
28. Rdd1 Rad8 29. Nc3 a6 30. a4 Qc5 31. Rd3 Bg7 32. Red1 Be5 33. h4 h5 34. Ne2
Qc7 35. g3 Bg7 36. Nf4 Kh7 37. Rf3 Qe5 38. Qd3 Kg8 39. b4 Kf8 40. Qb3 Bh6 41.
Qc4 1/2-1/2

[Event "Korcsoportos Bajnokság u14f"]
[Site "Balatonlelle"]
[Date "2015.06.23"]
[Round "8.7"]
[White "Kelemen, David"]
[Black "Czumbel, Peter"]
[Result "0-1"]
[WhiteElo "1943"]
[BlackElo "1904"]
[PlyCount "100"]
[EventDate "2015.06.18"]
[EventType "swiss"]
[EventRounds "9"]
[EventCountry "HUN"]
[WhiteClock "0:28:57"]
[BlackClock "0:23:49"]

1. e4 d6 2. d4 Nf6 3. Nc3 g6 4. f4 Bg7 5. Nf3 O-O 6. Bd3 Na6 7. O-O c5 8. d5
Nc7 9. Qe1 Rb8 10. a4 b6 11. Qh4 e6 12. dxe6 Bxe6 13. f5 Bd7 14. Bh6 Nh5 15.
Qxd8 Rbxd8 16. Bxg7 Kxg7 17. g4 Nf4 18. Bc4 f6 19. h4 h6 20. Rfd1 Bc6 21. Nb5
d5 22. exd5 Bxd5 23. Bxd5 Ncxd5 24. Kf2 Rfe8 25. Re1 Nb4 26. Rxe8 Rxe8 27. Re1
Nbd3+ 28. cxd3 Nxd3+ 29. Kf1 Nxe1 30. Nxe1 Re4 31. Nxa7 Rxa4 32. Nc8 Rxg4 33.
Nxb6 Rb4 34. Nd7 c4 35. fxg6 Rxb2 36. h5 Rb5 37. Ng2 Rxh5 38. Ke1 Rh2 39. Ne3
c3 40. Nxf6 c2 41. Nxc2 Rxc2 42. Nh5+ Kxg6 43. Ng3 Rg2 44. Ne4 Kf5 45. Kf1 Rg8
46. Nd2 Kf4 47. Kf2 Ra8 48. Nb3 Ra2+ 49. Kg1 Kg3 50. Kh1 Re2 0-1

[Event "Korcsoportos Bajnokság u14f"]
[Site "Balatonlelle"]
[Date "2015.06.23"]
[Round "8.8"]
[White "Bege, Mate"]
[Black "Nemeth, Balint"]
[Result "1-0"]
[WhiteElo "1999"]
[BlackElo "1617"]
[PlyCount "63"]
[EventDate "2015.06.18"]
[EventType "swiss"]
[EventRounds "9"]
[EventCountry "HUN"]
[WhiteClock "1:23:38"]
[BlackClock "0:35:10"]

1. e4 e5 2. Nf3 Nc6 3. Bb5 a6 4. Ba4 Nf6 5. O-O Be7 6. Re1 b5 7. Bb3 O-O 8. c3
d5 9. exd5 Nxd5 10. Nxe5 Nxe5 11. Rxe5 c6 12. d4 Bd6 13. Re1 Qh4 14. g3 Qh3 15.
Qf3 Bg4 16. Qg2 Qh5 17. Bxd5 cxd5 18. Be3 Rae8 19. Nd2 Be6 20. Nf1 f5 21. f4 h6
22. a4 Kh8 23. axb5 axb5 24. Ra6 Bb8 25. Qe2 Qh3 26. Qg2 Qh5 27. Bd2 Bg8 28.
Ne3 Re4 29. Rb6 g5 30. Nxf5 Rxf5 31. Rxe4 dxe4 32. g4 1-0

[Event "Korcsoportos Bajnokság u14f"]
[Site "Balatonlelle"]
[Date "2015.06.23"]
[Round "8.9"]
[White "Ambrus, Bence"]
[Black "Szabo, Balint"]
[Result "1-0"]
[WhiteElo "1798"]
[BlackElo "1620"]
[PlyCount "55"]
[EventDate "2015.06.18"]
[EventType "swiss"]
[EventRounds "9"]
[EventCountry "HUN"]
[WhiteClock "0:45:46"]
[BlackClock "0:19:08"]

1. e4 e5 2. Nf3 Nc6 3. d4 exd4 4. Nxd4 Nf6 5. Nxc6 bxc6 6. Bd3 Be7 7. O-O O-O
8. Nc3 d6 9. h3 Bb7 10. Qe2 Rb8 11. e5 dxe5 12. Qxe5 Bd6 13. Qf5 Bc8 14. Qf3
Bb7 15. Bg5 Be7 16. Rad1 Qc8 17. Rfe1 c5 18. Qf4 Nh5 19. Qh4 Bxg5 20. Qxg5 Nf6
21. Bf5 h6 22. Qf4 Nh5 23. Qg4 Nf6 24. Bxc8 Nxg4 25. Bxg4 Bc6 26. b3 Rbd8 27.
Rxd8 Rxd8 28. Re7 1-0

[Event "Korcsoportos Bajnokság u14f"]
[Site "Balatonlelle"]
[Date "2015.06.23"]
[Round "8.10"]
[White "Varga, Marcell"]
[Black "Kaloczi, Kristof"]
[Result "1-0"]
[WhiteElo "1478"]
[BlackElo "1781"]
[PlyCount "91"]
[EventDate "2015.06.18"]
[EventType "swiss"]
[EventRounds "9"]
[EventCountry "HUN"]
[WhiteClock "0:36:25"]
[BlackClock "0:44:04"]

1. e4 c5 2. Nf3 d6 3. d4 cxd4 4. Nxd4 Nf6 5. Nc3 a6 6. Be2 e5 7. Nf3 Be7 8. O-O
O-O 9. Bg5 Be6 10. Bxf6 Bxf6 11. Nd5 Be7 12. Qd2 Bxd5 13. Qxd5 Qc7 14. c3 Nd7
15. Qd2 Nc5 16. Bd3 d5 17. Qc2 f5 18. exd5 Nxd3 19. Qxd3 e4 20. d6 Qxd6 21.
Qxd6 Bxd6 22. Nd4 Be5 23. Rad1 g6 24. Rfe1 Rfe8 25. f3 exf3 26. Nxf3 Bf6 27.
Kf2 Rxe1 28. Kxe1 Re8+ 29. Kf2 Kf7 30. Rd7+ Re7 31. Rxe7+ Kxe7 32. Ke3 g5 33.
Nd4 Bxd4+ 34. Kxd4 Kd6 35. a4 h5 36. b4 h4 37. c4 g4 38. Ke3 Ke5 39. g3 hxg3
40. hxg3 b6 41. a5 bxa5 42. bxa5 f4+ 43. gxf4+ Kf5 44. c5 g3 45. c6 g2 46. Kf2
1-0

[Event "Korcsoportos Bajnokság u14f"]
[Site "Balatonlelle"]
[Date "2015.06.23"]
[Round "8.11"]
[White "Kovacs, Mate"]
[Black "Boa, Bence"]
[Result "0-1"]
[WhiteElo "1353"]
[BlackElo "1725"]
[PlyCount "60"]
[EventDate "2015.06.18"]
[EventType "swiss"]
[EventRounds "9"]
[EventCountry "HUN"]
[WhiteClock "0:30:02"]
[BlackClock "0:17:37"]

1. e4 c6 2. Nc3 d5 3. Nf3 Bg4 4. Be2 e6 5. h3 Bh5 6. O-O Nd7 7. d3 Ngf6 8. e5
Bxf3 9. exf6 Bxe2 10. fxg7 Bxg7 11. Qxe2 Qf6 12. Qg4 h6 13. Qf4 Qxf4 14. Bxf4
e5 15. Bg3 O-O-O 16. f4 f6 17. fxe5 fxe5 18. Bh4 Rde8 19. Rae1 Rhf8 20. Rxf8
Rxf8 21. Bg3 Re8 22. Kf1 Bf6 23. Ke2 Nc5 24. Kd2 Nd7 25. Bf2 Rf8 26. Kd1 e4 27.
Bg1 Bh4 28. dxe4 Bxe1 29. Kxe1 dxe4 30. Nxe4 Re8 0-1

[Event "Korcsoportos Bajnokság u14f"]
[Site "Balatonlelle"]
[Date "2015.06.23"]
[Round "8.12"]
[White "Acs, Kristof"]
[Black "Birovecz, Ben Jordan"]
[Result "1-0"]
[WhiteElo "1536"]
[BlackElo "1470"]
[PlyCount "129"]
[EventDate "2015.06.18"]
[EventType "swiss"]
[EventRounds "9"]
[EventCountry "HUN"]
[WhiteClock "1:01:10"]
[BlackClock "0:05:55"]

1. e4 e5 2. Nf3 Nc6 3. Bb5 a6 4. Bxc6 dxc6 5. Nc3 Qf6 6. O-O Bd7 7. d4 exd4 8.
Qxd4 Qxd4 9. Nxd4 Be7 10. Bf4 O-O-O 11. Rad1 Nf6 12. Rfe1 Rhe8 13. Nb3 Bb4 14.
f3 h6 15. a3 Bxc3 16. bxc3 Be6 17. Kf2 Nd7 18. Nd4 Nc5 19. Nxe6 Nxe6 20. Bg3
Nc5 21. Rd4 b5 22. Red1 Na4 23. Rxd8+ Rxd8 24. Rxd8+ Kxd8 25. Ke3 Kd7 26. c4
Nb2 27. cxb5 Nc4+ 28. Kd4 cxb5 29. a4 Na3 30. axb5 axb5 31. Kd3 c5 32. Bf2 Kc6
33. Kc3 b4+ 34. Kb3 Nb1 35. Kc4 Na3+ 36. Kb3 Nb5 37. Kc4 Nd6+ 38. Kb3 Kb5 39.
h3 c4+ 40. Ka2 Ne8 41. Bd4 f6 42. Kb2 Nc7 43. h4 Ne6 44. Be3 c3+ 45. Kb3 Nc5+
46. Bxc5 Kxc5 47. h5 Kb5 48. f4 Kc5 49. e5 fxe5 50. fxe5 Kd5 51. e6 Kxe6 52.
Kxb4 Kf5 53. Kxc3 Kg5 54. Kd4 Kxh5 55. c4 Kg4 56. c5 Kg3 57. c6 Kxg2 58. c7 g5
59. c8=Q h5 60. Qf5 g4 61. Qxh5 g3 62. Ke3 Kg1 63. Kf3 g2 64. Qh3 Kf1 65. Qxg2+
1-0

[Event "Korcsoportos Bajnokság u14f"]
[Site "Balatonlelle"]
[Date "2015.06.23"]
[Round "8.13"]
[White "Bencze, Balazs Dominik"]
[Black "Pasztor, Bence"]
[Result "1-0"]
[WhiteElo "1569"]
[BlackElo "1598"]
[PlyCount "47"]
[EventDate "2015.06.18"]
[EventType "swiss"]
[EventRounds "9"]
[EventCountry "HUN"]
[WhiteClock "0:30:55"]
[BlackClock "1:20:12"]

1. e4 e5 2. Nf3 Nc6 3. d4 exd4 4. Nxd4 Bc5 5. Be3 Qf6 6. c3 Nge7 7. Bc4 O-O 8.
O-O d6 9. f4 Ng6 10. b4 Bb6 11. b5 Nce7 12. Nd2 Re8 13. g3 Nh4 14. gxh4 Qxh4
15. Qe1 Qh6 16. Qg3 d5 17. Bxd5 Nxd5 18. exd5 Bd7 19. a4 a6 20. Rfe1 axb5 21.
axb5 Rxa1 22. Rxa1 Bxb5 23. Nxb5 Bxe3+ 24. Qxe3 1-0

[Event "Korcsoportos Bajnokság u14f"]
[Site "Balatonlelle"]
[Date "2015.06.23"]
[Round "8.15"]
[White "Pogany, Zsombor"]
[Black "Urban, Andras Daniel"]
[Result "1-0"]
[WhiteElo "1658"]
[BlackElo "1119"]
[PlyCount "104"]
[EventDate "2015.06.18"]
[EventType "swiss"]
[EventRounds "9"]
[EventCountry "HUN"]
[WhiteClock "1:05:31"]
[BlackClock "1:18:57"]

1. e4 c5 2. Nf3 e6 3. d4 cxd4 4. Nxd4 a6 5. c3 Nf6 6. Bg5 Be7 7. Nd2 Qc7 8. g3
d6 9. Bg2 Nc6 10. O-O O-O 11. N2b3 e5 12. Nc2 b6 13. Ne3 h6 14. Bxf6 Bxf6 15.
Nd2 Bb7 16. Qb3 Na5 17. Qc2 b5 18. Rfd1 Rfd8 19. b3 Nc6 20. Nd5 Nd4 21. Nxc7
Nxc2 22. Rac1 Rac8 23. Nxb5 axb5 24. Rxc2 d5 25. exd5 Bxd5 26. Nb1 Bxg2 27.
Rxd8+ Bxd8 28. Kxg2 Ba5 29. Na3 b4 30. cxb4 Rxc2 31. Nxc2 Bb6 32. Ne3 Kf8 33.
Kf3 Ke7 34. Nc4 Bc7 35. Ke4 Ke6 36. g4 g6 37. b5 f5+ 38. gxf5+ gxf5+ 39. Kf3
e4+ 40. Kg2 Kd5 41. b6 Bb8 42. a4 Kc5 43. a5 Kb5 44. h3 h5 45. Kf1 h4 46. Ke2
Bf4 47. b4 Ka6 48. Ne3 Bd6 49. Nd5 Kb7 50. b5 Bc5 51. a6+ Ka8 52. Nc7+ Kb8 1-0

[Event "Korcsoportos Bajnokság u14f"]
[Site "Balatonlelle"]
[Date "2015.06.24"]
[Round "9.1"]
[White "Gyimesi, Peter"]
[Black "Bohus, Adam"]
[Result "1/2-1/2"]
[WhiteElo "1819"]
[BlackElo "2128"]
[PlyCount "32"]
[EventDate "2015.06.18"]
[EventType "swiss"]
[EventRounds "9"]
[EventCountry "HUN"]
[WhiteClock "0:44:49"]
[BlackClock "0:26:08"]

1. e4 e5 2. Nf3 Nc6 3. Bc4 Bc5 4. c3 Nf6 5. d3 Bb6 6. Bg5 d6 7. Bb3 O-O 8. Nbd2
h6 9. Bh4 g5 10. Bg3 Nh5 11. O-O Qf6 12. Kh1 Nf4 13. Nc4 Bg4 14. Ne3 Bh5 15. h4
Ne7 16. hxg5 hxg5 1/2-1/2

[Event "Korcsoportos Bajnokság u14f"]
[Site "Balatonlelle"]
[Date "2015.06.24"]
[Round "9.2"]
[White "Vanczak, Tamas"]
[Black "Acs, Marton"]
[Result "1/2-1/2"]
[WhiteElo "2017"]
[BlackElo "1968"]
[PlyCount "35"]
[EventDate "2015.06.18"]
[EventType "swiss"]
[EventRounds "9"]
[EventCountry "HUN"]

1. e4 e5 2. Nf3 Nc6 3. Bc4 Bc5 4. c3 Nf6 5. d3 a6 6. Nbd2 Ba7 7. Bb3 d6 8. h3
O-O 9. Nf1 Ne7 10. Ng3 Ng6 11. O-O h6 12. d4 c6 13. Re1 Re8 14. Nf5 exd4 15.
N3xd4 Bxd4 16. Nxd4 Rxe4 17. Be3 Re8 18. Qc2 1/2-1/2

[Event "Korcsoportos Bajnokság u14f"]
[Site "Balatonlelle"]
[Date "2015.06.24"]
[Round "9.3"]
[White "Kokeny, Norbert Adrian"]
[Black "Kovacs, Gabor Etele"]
[Result "1/2-1/2"]
[WhiteElo "2061"]
[BlackElo "1851"]
[PlyCount "49"]
[EventDate "2015.06.18"]
[EventType "swiss"]
[EventRounds "9"]
[EventCountry "HUN"]
[WhiteClock "0:59:27"]
[BlackClock "0:31:24"]

1. d4 d5 2. Bf4 c5 3. e3 Nc6 4. c3 Qb6 5. Qb3 c4 6. Qc2 Bf5 7. Qxf5 Qxb2 8.
Qxd5 Qc1+ 9. Ke2 Qb2+ 10. Nd2 Qxa1 11. Qb5 O-O-O 12. Qxc4 e6 13. Ngf3 Bd6 14.
Bxd6 Rxd6 15. Ne5 Nh6 16. Ne4 Qb2+ 17. Kf3 Rd5 18. Nxc6 bxc6 19. Qxc6+ Kb8 20.
Nc5 Rf5+ 21. Ke4 Rxc5 22. Qxc5 Qb1+ 23. Kf3 Qd1+ 24. Ke4 Qg4+ 25. Kd3 1/2-1/2

[Event "Korcsoportos Bajnokság u14f"]
[Site "Balatonlelle"]
[Date "2015.06.24"]
[Round "9.4"]
[White "Czumbel, Peter"]
[Black "Bege, Mate"]
[Result "1-0"]
[WhiteElo "1904"]
[BlackElo "1999"]
[PlyCount "93"]
[EventDate "2015.06.18"]
[EventType "swiss"]
[EventRounds "9"]
[EventCountry "HUN"]
[WhiteClock "0:29:16"]
[BlackClock "1:13:52"]

1. Nf3 d5 2. g3 Bg4 3. Bg2 Nd7 4. O-O e5 5. d3 Bc5 6. Nbd2 c6 7. e4 Ne7 8. h3
Bxf3 9. Qxf3 O-O 10. Qe2 Qc7 11. Kh2 Bd6 12. Nb3 d4 13. f4 f6 14. f5 c5 15. Nd2
b5 16. Nf3 c4 17. Ne1 Nb6 18. Bf3 Nc6 19. Bh5 cxd3 20. cxd3 b4 21. Qg4 a5 22.
Rf2 a4 23. Qh4 Rfc8 24. Bg6 h6 25. Qg4 a3 26. b3 Na7 27. Kg2 Nb5 28. Bxh6 Nc3
29. Bc1 Kf8 30. Qh5 Ke7 31. Qh7 Rg8 32. Bh6 Kf8 33. Bd2 Bc5 34. g4 Ke7 35. g5
Kd6 36. gxf6 gxf6 37. Qxc7+ Kxc7 38. h4 Nd7 39. h5 Nf8 40. Kh3 Kc6 41. Rg2 Nxg6
42. Rxg6 Rxg6 43. fxg6 Rh8 44. g7 Rg8 45. h6 Ne2 46. h7 Rxg7 47. h8=Q 1-0

[Event "Korcsoportos Bajnokság u14f"]
[Site "Balatonlelle"]
[Date "2015.06.24"]
[Round "9.5"]
[White "Horvath, Balazs"]
[Black "Ambrus, Bence"]
[Result "1/2-1/2"]
[WhiteElo "2115"]
[BlackElo "1798"]
[PlyCount "65"]
[EventDate "2015.06.18"]
[EventType "swiss"]
[EventRounds "9"]
[EventCountry "HUN"]
[WhiteClock "0:52:46"]
[BlackClock "0:46:17"]

1. c4 e5 2. Nc3 Nf6 3. g3 d5 4. cxd5 Nxd5 5. Bg2 Be6 6. Nf3 Nc6 7. d3 Be7 8.
O-O O-O 9. Bd2 Qd7 10. Re1 h6 11. Rc1 f5 12. a3 Bf6 13. e4 Nb6 14. Qc2 Rad8 15.
Bf1 fxe4 16. Nxe4 Bf5 17. Nc5 Qc8 18. Nxb7 Qxb7 19. Qxc6 Qxc6 20. Rxc6 Bxd3 21.
Bb4 Rfe8 22. Rxc7 Bxf1 23. Kxf1 e4 24. Ng1 Nd5 25. Rxa7 Nxb4 26. axb4 Bxb2 27.
Rb1 Rd2 28. Ne2 Rf8 29. Ke1 Bc3 30. Nxc3 Rfxf2 31. Re7 Rc2 32. Rxe4 Rxh2 33.
Kd1 1/2-1/2

[Event "Korcsoportos Bajnokság u14f"]
[Site "Balatonlelle"]
[Date "2015.06.24"]
[Round "9.6"]
[White "Boa, Bence"]
[Black "Papp, Levente"]
[Result "0-1"]
[WhiteElo "1725"]
[BlackElo "2111"]
[PlyCount "76"]
[EventDate "2015.06.18"]
[EventType "swiss"]
[EventRounds "9"]
[EventCountry "HUN"]
[WhiteClock "0:07:17"]
[BlackClock "1:02:43"]

1. d4 d5 2. Nf3 Nf6 3. e3 c6 4. c4 e6 5. b3 Nbd7 6. Bb2 Bd6 7. Bd3 O-O 8. O-O
Qe7 9. Nbd2 e5 10. dxe5 Nxe5 11. Nxe5 Bxe5 12. Bxe5 Qxe5 13. Nf3 Qe7 14. Qc2
Bg4 15. Nd4 Rad8 16. Rfe1 c5 17. Nf5 Bxf5 18. Bxf5 Rfe8 19. cxd5 g6 20. Bd3
Nxd5 21. a3 a6 22. Rac1 Rc8 23. Bc4 Nf6 24. a4 Rb8 25. Qe2 Rec8 26. Red1 Qe5
27. f3 Rd8 28. Rd3 Rxd3 29. Qxd3 b5 30. axb5 axb5 31. f4 Qe7 32. Bxf7+ Kxf7 33.
Re1 Qd7 34. Qc2 Rc8 35. e4 Qd4+ 36. Kh1 Ng4 37. h3 Nf2+ 38. Kh2 Nd3 0-1